ロード中...

Proceedings on infinite dimensional holomorphy

書誌詳細
その他の著者: Hayden, T L (編集者)
フォーマット: Printed Book
出版事項: Springer-Verlag, Berlin 1974
シリーズ:Lecture Notes in Mathematics, No.0364
主題:
LEADER 00542nam a2200169 4500
082 |a R LNM.0364 
100 |a Hayden, T L,   |e Editor 
245 |a Proceedings on infinite dimensional holomorphy  |c T L Hayden  
250
260 |a Springer-Verlag, Berlin  |c 1974 
300
490 |a Lecture Notes in Mathematics, No.0364 
650 |a Lecture Notes in Mathematics 
700 |e Editor 
942 |c BK 
999 |c 201212  |d 201212 
952 |0 0  |1 0  |4 0  |6 R_LNM_0364_000000000000000  |7 0  |9 214561  |a MAT  |b MAT  |l 0  |o R LNM.0364  |p MAT2221  |r 2019-11-01  |w 2019-11-01  |y BK